logo

Bir Sreshtho Munshi Abdur Rouf Library
Jhenaidah Cadet College

Harvard Business Review on work and life balance / (Record no. 1909)

MARC details
000 -LEADER
fixed length control field 00858nam a2200301 a 4500
001 - CONTROL NUMBER
JCCL Control Number 1909
003 - CONTROL NUMBER IDENTIFIER
JCCL marc code BD-JhCC
005 - DATE AND TIME OF LATEST TRANSACTION
control field 20220207134017.0
008 - FIXED-LENGTH DATA ELEMENTS--GENERAL INFORMATION
fixed length control field 991222s2000 maua a 001 0 eng
020 ## - INTERNATIONAL STANDARD BOOK NUMBER
International Standard Book Number 1578513286
035 ## - SYSTEM CONTROL NUMBER
system control number (BD-JhCC)1909
040 ## - CATALOGING SOURCE
Original cataloging agency DLC
Transcribing agency DLC
Modifying agency DLC
041 ## - LANGUAGE CODE
Language code of Book eng
050 00 - LIBRARY OF CONGRESS CALL NUMBER
Classification number HD4904
Item number .H345 2000
082 00 - DEWEY DECIMAL CLASSIFICATION NUMBER
Classification number 306.3/6
DDC Edition number 21
Author mark and Year HAR 2000
245 00 - TITLE STATEMENT
Title Harvard Business Review on work and life balance /
246 3# - VARYING FORM OF TITLE
Title proper/short title Work and life balance
260 ## - PUBLICATION, DISTRIBUTION, ETC. (IMPRINT)
Place of publication, distribution, etc Boston, Mass. :
Name of publisher, distributor, etc Harvard Business School Press,
Date of publication, distribution, etc c2000.
300 ## - PHYSICAL DESCRIPTION
Pagination v, 232 p. :
Other physical details ill. ;
Dimensions 21 cm.
440 #4 -
Title The Harvard business review paperback series
500 ## - GENERAL NOTE
General note Includes index.
650 #0 - SUBJECT ADDED ENTRY--TOPICAL TERM
Topical term or geographic name as entry element Work
General subdivision Social aspects.
650 #0 - SUBJECT ADDED ENTRY--TOPICAL TERM
Topical term or geographic name as entry element Quality of life.
650 #0 - SUBJECT ADDED ENTRY--TOPICAL TERM
Topical term or geographic name as entry element Work and family.
650 #0 - SUBJECT ADDED ENTRY--TOPICAL TERM
Topical term or geographic name as entry element Burn out (Psychology)
942 ## - ADDED ENTRY ELEMENTS (KOHA)
Source of classification or shelving scheme Dewey Decimal Classification
Koha item type Books
Koha issues (borrowed), all copies 1
Holdings
Source of classification or shelving scheme Damaged status Not for loan Home library Current library Shelving location Date of accession Total Checkouts Full call number Barcode Date last seen Date checked out Copy number Koha item type
Dewey Decimal Classification     JCC Rouf Library JCC Rouf Library General Stacks 10/26/2017 1 306.36 HAR 2000 3384 10/23/2023 02/06/2022 C-1 Books

JCC Library | Contacts | JCC Home

Last Update on 23 September 2017
Copyright @ 2017-2020 JCC Rouf Library
Rouf Library, Jhenidah Cadet College (JCC), Bangladesh